[Event "Regionalliga NW 0405"]
[Site "Bayern"]
[Date "2005.04.10"]
[Round "9.7"]
[White "Woerner, Michael"]
[Black "Lutz, Martin"]
[Result "1-0"]
[WhiteElo "1996"]
[BlackElo "1944"]
[PlyCount "65"]
[EventDate "2004.10.24"]
[EventType "team-tourn"]
[EventRounds "9"]
[EventCountry "GER"]
[SourceTitle "EXT 2007"]
[Source "ChessBase"]
[SourceDate "2006.11.23"]
[SourceVersion "1"]
[SourceVersionDate "2006.11.23"]
[SourceQuality "1"]
[WhiteTeam "Schweinfurt"]
[BlackTeam "Kulmbach"]
[WhiteTeamCountry "GER"]
[BlackTeamCountry "GER"]

1. Nf3 d5 2. d4 Nf6 3. c4 e6 4. Nc3 Nbd7 5. e3 c6 6. Bd3 Bd6 7. 0-0 0-0 8. e4 dxe4 9. Nxe4 Nxe4 10. Bxe4 e5 11. dxe5 Nxe5 12. Bxh7+ Kxh7 13. Nxe5 g6 14. Nf3 Qc7 15. Qd2 Rh8 16. Rd1 Be7 17. Qf4 Qxf4 18. Bxf4 Be6 19. b3 Bg4 20. Re1 Bf6 21. Be5 Kg7 22. Bxf6+ Kxf6 23. Ne5 Be6 24. f4 Rad8 25. Rad1 Kf5 26. g3 c5 27. Nf3 Kf6 28. Ng5 Bg4 29. Ne4+ Kf5 30. Rd6 Rxd6 31. Nxd6+ Kf6 32. Ne8+ Kf5 33. Re5# 1-0

[Event "Regionalliga NW 0304"]
[Site "Bayern"]
[Date "2004.04.25"]
[Round "9.7"]
[White "Woerner, Michael"]
[Black "Buchinger, Bernd"]
[Result "1-0"]
[WhiteElo "1957"]
[BlackElo "1844"]
[PlyCount "81"]
[EventDate "2003.10.12"]
[EventType "team-tourn"]
[EventRounds "9"]
[EventCountry "GER"]
[SourceTitle "EXT 2006"]
[Source "ChessBase"]
[SourceDate "2005.11.24"]
[SourceVersion "1"]
[SourceVersionDate "2005.11.24"]
[SourceQuality "1"]
[WhiteTeam "Schweinfurt"]
[BlackTeam "Kitzingen"]
[WhiteTeamCountry "GER"]
[BlackTeamCountry "GER"]

1. Nf3 d5 2. d3 c5 3. Nbd2 Nc6 4. e4 Bg4 5. Be2 e6 6. 0-0 d4 7. Nc4 b5 8. Ncd2 Bxf3 9. Bxf3 e5 10. a4 a6 11. g3 Nf6 12. Bg2 Be7 13. f4 Rc8 14. Bh3 Rc7 15. Nf3 Bd6 16. axb5 axb5 17. Ra6 0-0 18. Rxc6 Rxc6 19. fxe5 Nxe4 20. dxe4 Bc7 21. Bf4 Qb8 22. Qe2 h6 23. Bd7 Rb6 24. h4 Rd8 25. Bh3 Re8 26. Qd2 Qb7 27. Qe2 Bb8 28. h5 Kh8 29. e6 fxe6 30. e5 Qd5 31. Nh4 Qc4 32. Qf2 Rb7 33. Bc1 Ba7 34. Ng6+ Kh7 35. Bg2 Rbb8 36. Be4 d3 37. cxd3 Qd4 38. Be3 Qd8 39. Qf7 Bb6 40. Ne7+ Kh8 41. Qg6 1-0

[Event "Regionalliga NW 0203"]
[Site "Bayern"]
[Date "2002.11.17"]
[Round "2.8"]
[White "Lederer, Gerd"]
[Black "Woerner, Michael"]
[Result "0-1"]
[WhiteElo "1932"]
[BlackElo "1956"]
[PlyCount "104"]
[EventDate "2002.10.20"]
[EventType "team-tourn"]
[EventRounds "9"]
[EventCountry "GER"]
[SourceTitle "EXT 2004"]
[Source "ChessBase"]
[SourceDate "2003.11.25"]
[SourceVersion "1"]
[SourceVersionDate "2003.11.25"]
[SourceQuality "1"]
[WhiteTeam "Bayreuth"]
[BlackTeam "Schweinfurt"]
[WhiteTeamCountry "GER"]
[BlackTeamCountry "GER"]

1. c4 Nf6 2. Nc3 g6 3. d4 Bg7 4. e4 d6 5. Bg5 c6 6. f4 Qb6 7. Qd2 e5 8. fxe5 dxe5 9. d5 Qd4 10. 0-0-0 Qxd2+ 11. Rxd2 0-0 12. Nf3 Re8 13. h3 h6 14. Be3 cxd5 15. cxd5 a6 16. g4 b5 17. Bd3 g5 18. Rf1 Nbd7 19. Rdf2 b4 20. Na4 Nxd5 21. exd5 e4 22. Nb6 Nxb6 23. Bxb6 exd3 24. Ne1 Rb8 25. Bc7 Rb5 26. Nxd3 Rxd5 27. Nxb4 Rc5+ 28. Rc2 Rxc2+ 29. Nxc2 Be6 30. b3 Rc8 31. Ba5 Be5 32. Rf3 Bd5 33. Rf2 Bg3 34. Re2 Bf3 35. Re7 Bg2 36. Kb2 Bf4 37. Nd4 Bc1+ 38. Kb1 Ba3 39. Re1 Bxh3 40. Nf5 Kh7 41. Bd2 Bxg4 42. Ne3 Be6 43. b4 Rb8 44. Nc2 Bf5 45. Re5 Bxb4 46. Bxb4 Bxc2+ 47. Kxc2 Rxb4 48. Re7 Kg7 49. Ra7 Rb6 50. Kc3 g4 51. Kc4 g3 52. Rd7 g2 0-1

[Event "Regionalliga NW 0001"]
[Site "Bayern"]
[Date "2001.01.14"]
[Round "4.7"]
[White "Woerner, Michael"]
[Black "Nussbaumer, Hans"]
[Result "1-0"]
[WhiteElo "2005"]
[BlackElo "1940"]
[PlyCount "75"]
[EventDate "2000.10.15"]
[EventType "team-tourn"]
[EventRounds "9"]
[EventCountry "GER"]
[SourceTitle "EXT 2020"]
[Source "ChessBase"]
[SourceDate "2019.10.17"]
[SourceVersion "1"]
[SourceVersionDate "2019.10.17"]
[SourceQuality "1"]
[WhiteTeam "Schweinfurt Fr"]
[BlackTeam "Kitzingen SC"]
[WhiteTeamCountry "GER"]
[BlackTeamCountry "GER"]

1. d4 d5 2. Nf3 Nf6 3. c4 c6 4. Nc3 e6 5. e3 Nbd7 6. Bd3 Bd6 7. 0-0 0-0 8. e4 dxe4 9. Nxe4 Nxe4 10. Bxe4 Nf6 11. Bc2 h6 12. b3 Qe7 13. Bb2 Ba3 14. Bc3 Bb4 15. Qd2 Bxc3 16. Qxc3 b6 17. Rfe1 Bb7 18. Ne5 Rfd8 19. Re3 Qd6 20. Rd1 c5 21. dxc5 Qxc5 22. Rd2 Qe7 23. Rde2 Rac8 24. Rh3 Rc5 25. f4 Qd6 26. Rd3 Qe7 27. Rxd8+ Qxd8 28. Rd2 Qe7 29. Qd4 Rc8 30. Kf2 Kf8 31. Bg6 Ng4+ 32. Nxg4 fxg6 33. g3 Kg8 34. Qd6 Re8 35. Ne5 Kh7 36. Qxe7 Rxe7 37. Ke3 h5 38. h4 1-0

[Event "Regionalliga NW 0001"]
[Site "Bayern"]
[Date "2000.12.10"]
[Round "3.6"]
[White "Hager, Martin"]
[Black "Woerner, Michael"]
[Result "1-0"]
[WhiteElo "2030"]
[BlackElo "2010"]
[PlyCount "57"]
[EventDate "2000.10.15"]
[EventType "team-tourn"]
[EventRounds "9"]
[EventCountry "GER"]
[SourceTitle "EXT 2020"]
[Source "ChessBase"]
[SourceDate "2019.10.17"]
[SourceVersion "1"]
[SourceVersionDate "2019.10.17"]
[SourceQuality "1"]
[WhiteTeam "Coburg"]
[BlackTeam "Schweinfurt Fr"]
[WhiteTeamCountry "GER"]
[BlackTeamCountry "GER"]

1. d4 Nf6 2. c4 e5 3. dxe5 Ne4 4. a3 d6 5. Nf3 Nc6 6. Bf4 g5 7. Qd5 Bf5 8. exd6 Qf6 9. d7+ Kd8 10. Qxe4 Bh6 11. Be5 Qg6 12. Qd5 f6 13. Bxc7+ Kxc7 14. Nc3 a6 15. Rd1 Rad8 16. Qd6+ Kb6 17. Na4+ Ka7 18. Qc7 Rxd7 19. Qb6+ Ka8 20. Nd4 Rhd8 21. Nc5 Qe8 22. Nxd7 Qxd7 23. e3 Bc2 24. Rd2 Be4 25. f3 Bg6 26. Bd3 Ne5 27. Be2 Nc6 28. 0-0 g4 29. Nxc6 1-0

[Event "Regionalliga NW 9900"]
[Site "Bayern"]
[Date "2000.??.??"]
[Round "6.8"]
[White "Mikuta, Alexander"]
[Black "Woerner, Michael"]
[Result "0-1"]
[WhiteElo "1675"]
[BlackElo "1985"]
[PlyCount "70"]
[EventDate "1999.??.??"]
[EventType "team-tourn"]
[EventRounds "9"]
[EventCountry "GER"]
[SourceTitle "EXT 2020"]
[Source "ChessBase"]
[SourceDate "2019.10.17"]
[SourceVersion "1"]
[SourceVersionDate "2019.10.17"]
[SourceQuality "1"]
[WhiteTeam "Bamberg SC III"]
[BlackTeam "Schweinfurt Fr"]
[WhiteTeamCountry "GER"]
[BlackTeamCountry "GER"]

1. d4 d5 2. c4 c6 3. Nc3 Nf6 4. Nf3 dxc4 5. a4 Bf5 6. e3 e6 7. Bxc4 Bb4 8. 0-0 Nbd7 9. Ne2 Qc7 10. Ng3 Bg6 11. Qb3 Bd6 12. Rd1 0-0-0 13. a5 Ne4 14. Bd2 Ndf6 15. a6 b6 16. Rac1 Kb8 17. Bb5 c5 18. Nxe4 Nxe4 19. d5 e5 20. Bc6 f6 21. Ba5 Bf7 22. Bxb6 Qxb6 23. Qxb6+ axb6 24. a7+ Kc7 25. b4 Ra8 26. bxc5 Bxc5 27. Bxa8 Rxa8 28. Rc4 Nd6 29. Rh4 h6 30. Ra4 Kb7 31. e4 Rxa7 32. Rxa7+ Kxa7 33. Nd2 Bg6 34. Kf1 Bxe4 35. Nxe4 Nxe4 0-1

[Event "Regionalliga NW 9900"]
[Site "Bayern"]
[Date "2000.??.??"]
[Round "7.8"]
[White "Woerner, Michael"]
[Black "Heimerl, Detlef"]
[Result "1/2-1/2"]
[WhiteElo "1985"]
[BlackElo "1935"]
[PlyCount "24"]
[EventDate "1999.??.??"]
[EventType "team-tourn"]
[EventRounds "9"]
[EventCountry "GER"]
[SourceTitle "EXT 2020"]
[Source "ChessBase"]
[SourceDate "2019.10.17"]
[SourceVersion "1"]
[SourceVersionDate "2019.10.17"]
[SourceQuality "1"]
[WhiteTeam "Schweinfurt Fr"]
[BlackTeam "Marktleuthen"]
[WhiteTeamCountry "GER"]
[BlackTeamCountry "GER"]

1. e4 e6 2. d4 d5 3. Nc3 Nf6 4. Bg5 Be7 5. Bxf6 Bxf6 6. e5 Be7 7. Qg4 g6 8. h4 h5 9. Qf4 Bd7 10. Nf3 c5 11. Rh3 cxd4 12. Nxd4 Nc6 1/2-1/2